000 00771nas a2200253 4500
001 BR8107111
003 BR-BrBNA
005 20231205084858.0
007 ta
008 230509b bl.|||p| |||| 00| 00por d
040 _aBR-BrBNA
_bpor
_cBiblioteca Nacional de Agricultura
041 _a(Pt)
072 _aQ20
100 1 _aLima, C.A. de A.
100 1 _aLima, E.D.P. de A.
245 1 _aProducao e algumas propriedades da enzima Beta-Galactosidase produzida pela Spicaria sp. [fungo]
650 _aENZIMA
650 _aFUNGO
650 _aFERMENTACAO
650 _aATIVIDADE ENZIMICA
773 0 _tAgropecuaria Tecnica (Brazil)
_xISSN 0100-7467
_g(Jul 1981), v. 2(2) p. 119-127
_wBR8107111
909 _a202311
_bLúcia
_c55
_dLúcia Elande
942 _2AGRIS
_n0
_cANA
999 _c107868
_d107868